Analýza trestných činov na Slovensku

Analýza trestných činov na Slovensku v rokoch 2010 až 2015. Jednotlivé druhy trestných činov a ich podiel na celkovom počte pomocou Suslovovho koeficienta.Trestné činy v jednotlivých krajoch Slovenska.

Na minha lista:
Detalhes bibliográficos
Autor principal: Hurbánková, Ľubica, 1980-
Formato: Capítulo de Livro
Idioma:eslovaco
Assuntos:
Tags: Adicionar Tag
Sem tags, seja o primeiro a adicionar uma tag!

MARC

LEADER 00000nla a2200000 4500
001 0237777
005 20240502073838.6
041 0 |a slo 
044 |a SK 
245 1 0 |a Analýza trestných činov na Slovensku  |c Ľubica Hurbánková 
520 |a Analýza trestných činov na Slovensku v rokoch 2010 až 2015. Jednotlivé druhy trestných činov a ich podiel na celkovom počte pomocou Suslovovho koeficienta.Trestné činy v jednotlivých krajoch Slovenska. 
610 2 0 |a činnosť trestná 
610 2 0 |a Slovensko 
610 2 0 |a regióny 
610 2 0 |a analýza štatistická 
100 1 |a Hurbánková, Ľubica, 1980-